000 00864nam a2200229Ia 4500
005 20260430150744.0
008 008 250103s9999 xx 000 0 hin d
037 _aTheses
040 _aCRL
040 _bhin
040 _chin
041 _2hin
041 _ahin
084 _qCRL
100 _aनवीन कुमार, ले.
245 0 _aभारतीय समाज की विषमता पर भीमराव अम्बेडकर व महात्मा गांधी के विचारों की तुलनात्मक समीक्षा
260 _c2019
300 _a224पृ0
700 _aदिल्ली विश्वविद्यालय. कला संकाय. बुद्विस्ट स्टडीज विभाग
_91238335
942 _cTH
999 _c1850620
_d1850620